I never thought I'd see the day! : (Record no. 9692)
[ view plain ]
| 000 -LEADER | |
|---|---|
| fixed length control field | 01970cam a2200409 a 4500 |
| 001 - CONTROL NUMBER | |
| control field | 707965007 |
| 003 - CONTROL NUMBER IDENTIFIER | |
| control field | OCoLC |
| 005 - DATE AND TIME OF LATEST TRANSACTION | |
| control field | 20210121161009.0 |
| 008 - FIXED-LENGTH DATA ELEMENTS--GENERAL INFORMATION | |
| fixed length control field | 110630s2011 nyua b 000 0 eng |
| 010 ## - LIBRARY OF CONGRESS CONTROL NUMBER | |
| LC control number | 2011027141 |
| 020 ## - INTERNATIONAL STANDARD BOOK NUMBER | |
| International Standard Book Number | 9780446565950 (hbk.) |
| 020 ## - INTERNATIONAL STANDARD BOOK NUMBER | |
| International Standard Book Number | 0446565954 (hbk.) |
| 020 ## - INTERNATIONAL STANDARD BOOK NUMBER | |
| Canceled/invalid ISBN | 9781455507344 (lg. print : hbk.) |
| 020 ## - INTERNATIONAL STANDARD BOOK NUMBER | |
| Canceled/invalid ISBN | 1455507342 (lg. print : hbk.) |
| 035 ## - SYSTEM CONTROL NUMBER | |
| System control number | (OCoLC)707965007 |
| Canceled/invalid control number | (OCoLC)707965008 |
| -- | (OCoLC)758880181 |
| 040 ## - CATALOGING SOURCE | |
| Original cataloging agency | DLC |
| Language of cataloging | eng |
| Transcribing agency | DLC |
| Modifying agency | IG# |
| -- | BTCTA |
| -- | HSA |
| -- | IUK |
| -- | YDXCP |
| -- | CDX |
| -- | VP@ |
| -- | BDX |
| -- | OCLCF |
| -- | OCLCO |
| -- | OCL |
| -- | OCLCO |
| -- | ATH |
| 042 ## - AUTHENTICATION CODE | |
| Authentication code | pcc |
| 043 ## - GEOGRAPHIC AREA CODE | |
| Geographic area code | n-us--- |
| 050 00 - LIBRARY OF CONGRESS CALL NUMBER | |
| Classification number | BR526 |
| Item number | .J47 2011 |
| 100 1# - MAIN ENTRY--PERSONAL NAME | |
| Personal name | Jeremiah, David, |
| Dates associated with a name | 1941- |
| 245 10 - TITLE STATEMENT | |
| Title | I never thought I'd see the day! : |
| Remainder of title | culture at the crossroads / |
| Statement of responsibility, etc. | David Jeremiah. |
| 246 3# - VARYING FORM OF TITLE | |
| Title proper/short title | I never thought I would see the day |
| 250 ## - EDITION STATEMENT | |
| Edition statement | 1st ed. |
| 260 ## - PUBLICATION, DISTRIBUTION, ETC. | |
| Place of publication, distribution, etc. | New York : |
| Name of publisher, distributor, etc. | FaithWords, |
| Date of publication, distribution, etc. | 2011. |
| 300 ## - PHYSICAL DESCRIPTION | |
| Extent | xxi, 315 p. : |
| Other physical details | ill. ; |
| Dimensions | 24 cm. |
| 504 ## - BIBLIOGRAPHY, ETC. NOTE | |
| Bibliography, etc. note | Includes bibliographical references. |
| 505 0# - FORMATTED CONTENTS NOTE | |
| Formatted contents note | When atheists would be so angry -- When Christians wouldn't know they were in a war -- When Jesus would be so profaned -- When marriage would be obsolete -- When morality would be in freefall -- When the Bible would be marginalized -- When the church would be irrelevant -- When a Muslim state could intimidate the world -- When America would turn her back on Israel -- When changing your mind could save your life. |
| 520 ## - SUMMARY, ETC. | |
| Summary, etc. | "David Jeremiah highlights the decline in Western culture, especially America, and calls on his readers to reverse this downward spiral"--Provided by the publisher. |
| 650 #0 - SUBJECT ADDED ENTRY--TOPICAL TERM | |
| Topical term or geographic name entry element | Christianity and culture |
| Geographic subdivision | United States. |
| 650 #0 - SUBJECT ADDED ENTRY--TOPICAL TERM | |
| Topical term or geographic name entry element | Social values |
| Geographic subdivision | United States. |
| 650 #0 - SUBJECT ADDED ENTRY--TOPICAL TERM | |
| Topical term or geographic name entry element | Civilization, Western. |
| 650 #0 - SUBJECT ADDED ENTRY--TOPICAL TERM | |
| Topical term or geographic name entry element | Apologetics. |
| 651 #0 - SUBJECT ADDED ENTRY--GEOGRAPHIC NAME | |
| Geographic name | United States |
| General subdivision | Church history |
| Chronological subdivision | 21st century. |
| 651 #0 - SUBJECT ADDED ENTRY--GEOGRAPHIC NAME | |
| Geographic name | United States |
| General subdivision | Social conditions |
| Chronological subdivision | 21st century. |
| 651 #0 - SUBJECT ADDED ENTRY--GEOGRAPHIC NAME | |
| Geographic name | United States |
| General subdivision | Civilization |
| Chronological subdivision | 21st century. |
| 942 ## - ADDED ENTRY ELEMENTS (KOHA) | |
| Source of classification or shelving scheme | Dewey Decimal Classification |
| Koha item type | Books |
| Withdrawn status | Lost status | Source of classification or shelving scheme | Damaged status | Not for loan | Collection code | Home library | Current library | Shelving location | Date acquired | Total Checkouts | Full call number | Barcode | Date last seen | Price effective from | Koha item type |
|---|---|---|---|---|---|---|---|---|---|---|---|---|---|---|---|
| Dewey Decimal Classification | Non-fiction | Harvest Mission College | Harvest Mission College | General Stacks | 03.02.2021 | 277 J55N | 011113 | 03.02.2021 | 03.02.2021 | Books |
